000 00728nam a2200241Ia 4500
003 OSt
005 20220918111959.0
006 a|||||r|||| 00| 0
007 ta
008 220915b |||||||| |||| 00| 0 hin d
024 _a215524
037 _cTextbook
040 _bhin
_aARTS
_cARTS
041 _ahin
082 _aP152:g, 152J8
100 _aटंडन, प्रेमनारायण
_91744
245 0 _aभाषा अध्ययन के आधार
246 _aBhāratīya sāhitya darshana
260 _c1958
650 _aहिन्दी साहित्य
942 _hP152:g, 152J8
_cTB
_2CC
999 _c117687
_d117687